Gujarat, the making of a tragedy / (Record no. 20795)

MARC details
000 -LEADER
fixed length control field 03052cam a2200433 a 4500
001 - CONTROL NUMBER
control field 13155606
003 - CONTROL NUMBER IDENTIFIER
control field BDDh-ASL
005 - DATE AND TIME OF LATEST TRANSACTION
control field 20231015025933.0
008 - FIXED-LENGTH DATA ELEMENTS--GENERAL INFORMATION
fixed length control field 021129s2002 ii b 000 0 eng
010 ## - LIBRARY OF CONGRESS CONTROL NUMBER
LC control number 2003305514
020 ## - INTERNATIONAL STANDARD BOOK NUMBER
International Standard Book Number 0143029010
025 ## - OVERSEAS ACQUISITION NUMBER
Overseas acquisition number I-E-2003-305514; 63-92
035 ## - SYSTEM CONTROL NUMBER
System control number (DLC) 2003305514
037 ## - SOURCE OF ACQUISITION
Source of stock number/acquisition Library of Congress -- New Delhi Overseas Office
Terms of availability Rs295.00
040 ## - CATALOGING SOURCE
Original cataloging agency DLC
Transcribing agency DLC
Modifying agency DLC
-- BDDh-ASL
042 ## - AUTHENTICATION CODE
Authentication code lcode
043 ## - GEOGRAPHIC AREA CODE
Geographic area code a-ii---
050 00 - LIBRARY OF CONGRESS CALL NUMBER
Classification number DS422.C64
Item number G855 2002
082 ## - DEWEY DECIMAL CLASSIFICATION NUMBER
Classification number 954.75
Item number GUJ
245 00 - TITLE STATEMENT
Title Gujarat, the making of a tragedy /
Statement of responsibility, etc. edited by Siddharth Varadarajan.
260 ## - PUBLICATION, DISTRIBUTION, ETC.
Place of publication, distribution, etc. New Delhi ;
-- New York, NY :
Name of publisher, distributor, etc. Penguin Books,
Date of publication, distribution, etc. 2002.
300 ## - PHYSICAL DESCRIPTION
Extent xii, 459 p. :
Dimensions 21 cm.
504 ## - BIBLIOGRAPHY, ETC. NOTE
Bibliography, etc. note Includes bibliographical references.
505 0# - FORMATTED CONTENTS NOTE
Formatted contents note The carnage at Godhara / Jyoti Punwani -- A licence to kill : patterns of violence in Gujarat / Nandini Sundar -- Narratives from the killing fields -- When guardians betrays : the role of the police / Teesta Setalvad -- An open letters to my fellow police officers / Vibhuti Narain Rai -- Nothing new? : women as victims / Barkha Dutt, PUCL-Vadodara and Shanti Abhiyan -- Adivasis and dalits tribals voice and violence / G.N. Devy -- The violence in Gujarat and the dalits / Mohandas Namishray -- The truth hurts : Gujarat and the role of the media / Siddharth Varadarajan, Rajdeep Sardesai, PUCL-Vadodara/Shanti abhiyan, Anil Chamaria -- Little relief, no rehabilitation / People's Union for Democratic Rights -- Apart, yet a part : ghettorization, trauma-- and some rays of hope -- The elusive quest for justice : Delhi 1984 to Gujarat 2002 / Vrinda Grover -- India's reaction to international concern / A.G. Noorani -- The dialogue of Vali Gujarati and Hanumanji / Ranjana Argrade
505 0# - FORMATTED CONTENTS NOTE
Formatted contents note -- Genocide of the idea of Gujarat / Shail Mayaram -- The pathology of Gujarat / Achyut Yagnik -- Caste, Hindutva, and the making of mob culture / Ghanshyam Shah -- The VHP needs to hear the condemnation of the Hindu middle ground / Ramachandra Guha -- Where will it end? / Mahasweta Devi -- NM and Kalinga? thrice impossible, brother Gill / Prakash N. Shah -- Just another day in Ahmedabad / Gurpal Singh -- I salute you Geetaben / Siddharth Varadarajan.
520 ## - SUMMARY, ETC.
Summary, etc. Contributed articles and analysis of media reports on the Gujarat tragedy.
650 #0 - SUBJECT ADDED ENTRY--TOPICAL TERM
Topical term or geographic name entry element Communalism
Geographic subdivision India
-- Gujarat.
650 #0 - SUBJECT ADDED ENTRY--TOPICAL TERM
Topical term or geographic name entry element Riots
Geographic subdivision India
-- Gujarat.
650 #0 - SUBJECT ADDED ENTRY--TOPICAL TERM
Topical term or geographic name entry element Hindus
Geographic subdivision India
-- Gujarat.
650 #0 - SUBJECT ADDED ENTRY--TOPICAL TERM
Topical term or geographic name entry element Muslims
Geographic subdivision India
-- Gujarat.
651 #0 - SUBJECT ADDED ENTRY--GEOGRAPHIC NAME
Geographic name Gujarat (India)
General subdivision Ethnic relations.
700 1# - ADDED ENTRY--PERSONAL NAME
Personal name Varadarajan, Siddharth,
Relator term editor.
856 42 - ELECTRONIC LOCATION AND ACCESS
Materials specified Publisher description
Uniform Resource Identifier <a href="http://www.loc.gov/catdir/enhancements/fy0716/2003305514-d.html">http://www.loc.gov/catdir/enhancements/fy0716/2003305514-d.html</a>
856 42 - ELECTRONIC LOCATION AND ACCESS
Materials specified Contributor biographical information
Uniform Resource Identifier <a href="http://www.loc.gov/catdir/enhancements/fy0716/2003305514-b.html">http://www.loc.gov/catdir/enhancements/fy0716/2003305514-b.html</a>
856 41 - ELECTRONIC LOCATION AND ACCESS
Materials specified Table of contents only
Uniform Resource Identifier <a href="http://www.loc.gov/catdir/enhancements/fy1204/2003305514-t.html">http://www.loc.gov/catdir/enhancements/fy1204/2003305514-t.html</a>
906 ## - LOCAL DATA ELEMENT F, LDF (RLIN)
a 7
b cbc
c origode
d 3
e ncip
f 20
g y-gencatlg
942 ## - ADDED ENTRY ELEMENTS (KOHA)
Source of classification or shelving scheme Dewey Decimal Classification
Koha item type Books
Holdings
Withdrawn status Lost status Source of classification or shelving scheme Damaged status Not for loan Collection code Home library Current library Shelving location Date acquired Source of acquisition Total Checkouts Full call number Barcode Date last seen Copy number Price effective from Koha item type Public note
    Dewey Decimal Classification   Not For Loan Non-fiction Asiatic Society Library Asiatic Society Library Ludden Collection 01/14/2021 Donated by Prof. David Ludden   954.75 GUJ 104295 01/14/2021 C-1 01/14/2021 Books RARE

Powered by Koha